书目信息 |
| 题名: |
艺术照明
|
|
| 作者: | 马欣凡 , 庄文豪 著 | |
| 分册: | ||
| 出版信息: | 广州 广东科技出版社 2000.01 |
|
| 页数: | 92页 | |
| 开本: | 32开 | |
| 丛书名: | ||
| 单 册: | ||
| 中图分类: | TU113.6 | |
| 科图分类: | ||
| 主题词: | 建筑学:物理学 | |
| 电子资源: | ||
| ISBN: | 7-5359-2350-X | |
| 000 | 00581nam0 2200205 45 | |
| 001 | 0009112008 | |
| 005 | 20000911201600.4 | |
| 010 | @a7-5359-2350-X@d18.00元 | |
| 100 | @a20000911d2000 km y0chiy0120 ea | |
| 101 | 0 | @achi |
| 105 | @a z 000yy | |
| 200 | 1 | @a艺术照明@AYi Shu Zhao Ming@f马欣凡,庄文豪著@FMaXin Fan,Zhuang Wen Hao Zhu |
| 210 | @a广州@c广东科技出版社@d2000.01 | |
| 215 | @a92页@d32开 | |
| 606 | 0 | @a建筑学:物理学 |
| 690 | @aTU113.6@v3 | |
| 701 | 0 | @a马欣凡@4著 |
| 701 | 0 | @a庄文豪@4著 |
| 801 | @aCN@bPftUser@c20000911 | |
| 905 | @b136578-597@dTU113.6@eM256@f20 | |
| 艺术照明/马欣凡,庄文豪著.-广州:广东科技出版社,2000.01 |
| 92页;32开 |
| ISBN 7-5359-2350-X:18.00元 |
| ● |
| 相关链接 |
|
|
|
正题名:艺术照明
索取号:TU113.6/M256
 
预约/预借
| 序号 | 登录号 | 条形码 | 馆藏地/架位号 | 状态 | 备注 |
| 1 | 136578 | 201365780 | 建筑库101/101建筑库 25排4列2层/ [索取号:TU113.6/M256] | 在馆 | |
| 2 | 136579 | 201365799 | 自科二线404/404自科库 21排5列2层/ [索取号:TU113.6/M256] | 在馆 | |
| 3 | 136580 | 201365806 | 自科二线404/404自科库 21排5列2层/ [索取号:TU113.6/M256] | 在馆 | |
| 4 | 136581 | 201365815 | 自科二线404/404自科库 7排6列3层/ [索取号:TU113.6/M256] | 在馆 | |
| 5 | 136582 | 201365824 | 自科二线404/404自科库 21排5列2层/ [索取号:TU113.6/M256] | 在馆 | |
| 6 | 136583 | 201365833 | 自科二线404/404自科库 20排2列4层/ [索取号:TU113.6/M256] | 在馆 | |
| 7 | 136584 | 201365842 | 自科二线404/404自科库 21排5列2层/ [索取号:TU113.6/M256] | 在馆 | |
| 8 | 136585 | 201365851 | 建筑库101/101建筑库 25排1列1层/ [索取号:TU113.6/M256] | 在馆 | |
| 9 | 136586 | 201365860 | 自科二线404/404自科库 7排6列3层/ [索取号:TU113.6/M256] | 在馆 | |
| 10 | 136587 | 201365879 | 自科二线404/404自科库 20排2列4层/ [索取号:TU113.6/M256] | 在馆 | |
| 11 | 136588 | 201365888 | 自科二线404/404自科库 21排5列2层/ [索取号:TU113.6/M256] | 在馆 | |
| 12 | 136589 | 201365897 | 建筑库101/101建筑库 25排4列2层/ [索取号:TU113.6/M256] | 在馆 | |
| 13 | 136590 | 201365904 | 自科二线404/404自科库 7排6列3层/ [索取号:TU113.6/M256] | 在馆 | |
| 14 | 136591 | 201365913 | 自科二线404/404自科库 7排6列3层/ [索取号:TU113.6/M256] | 在馆 | |
| 15 | 136592 | 201365922 | 建筑库101/101建筑库 25排4列2层/ [索取号:TU113.6/M256] | 在馆 | |
| 16 | 136593 | 201365931 | 自科二线404/404自科库 7排6列3层/ [索取号:TU113.6/M256] | 在馆 | |
| 17 | 136594 | 201365940 | 建筑库101/101建筑库 25排4列2层/ [索取号:TU113.6/M256] | 在馆 | |
| 18 | 136595 | 201365959 | 自科二线404/404自科库 7排6列3层/ [索取号:TU113.6/M256] | 在馆 | |
| 19 | 136596 | 201365968 | 自科二线404/404自科库 7排6列3层/ [索取号:TU113.6/M256] | 在馆 | |
| 20 | 136597 | 201365977 | 自科二线404/404自科库 7排6列3层/ [索取号:TU113.6/M256] | 在馆 |